00617nam a2200217Ia 4500008004100000020001800041050001400059100002200073245002400095245002500119260001500144260001600159260000900175300001500184300002700199300001000226300003000236500000900266999001900275952010500294170918s9999 xx 000 0 und d a9780545442565 bM987 2011 aMusgrave, Ruth A. aEverything sharks / cby Ruth A. Musgrave. aNew York : bScholastic, c2011 a64 pages : bcolored illustration ; c24cm. eNational geographic kids. a1030 c343128d343128 001040aSSISMbSSISMd2017-09-18l0oLEX M987 2011pSSISM2200r2017-09-18 00:00:00w2017-09-18yLEX